00786nam a2200217 a 450000100060000000300080000600500170001400800410003103500190007204000350009104100080012608200240013410000290015824501190018726000660030630000380037250200710041050400320048165000240051370000310053783736BD-RjUL20240514114413.0240514s1975 bg a|||| m||| 00| 0 eng d a(BD-RjUL)83736 aBD-RjULbengcBD-RjULdBD-RjUL aeng 223a584.9bKHS 1975 aKHALEQUE, MOHAMMAD ABDUL aSTUDIES ON QUANTITATIVE CHARACTERS IN RICE ( ORYZA SATIVA L. )cMOHAMMAD ABDUL KHALEQUE6Supervisor : Ali M. Eunus aRajshahi :bDepartment of Botany,University of Rajshahic1975 a[10], 361 leaves :bill.;c29 cm. aThesis (Ph.D.) -- Department of Botany,University of Rajshahi,1975 aReferences : Leaves 343-361 aRice tribexOryzeae aEunus, Ali M. Supervisor